[Event "Young Stars of the World"]
[Site "Kirishi RUS"]
[Date "2005.05.25"]
[Round "11"]
[White "Mamedov,Rau"]
[Black "Karjakin,Sergey"]
[Result "1/2-1/2"]
[WhiteElo "2511"]
[BlackElo "2635"]
[EventDate "2005.05.14"]

1. e4 c5 2. Nf3 d6 3. d4 cxd4 4. Nxd4 Nf6 5. Nc3 a6 6. Bg5 e6 7. f4 Qb6 8.
Qd2 Qxb2 9. Rb1 Qa3 10. f5 Nc6 11. fxe6 fxe6 12. Nxc6 bxc6 13. Be2 Be7 14.
O-O O-O 15. Rb3 Qc5+ 16. Be3 Qe5 17. Bd4 Qa5 18. Bb6 1/2-1/2

[Event "Young Stars of the World"]
[Site "Kirishi RUS"]
[Date "2005.05.25"]
[Round "11"]
[White "Lenic,L"]
[Black "Lintchevski,D"]
[Result "1-0"]
[WhiteElo "2465"]
[BlackElo "2269"]
[EventDate "2005.05.14"]

1. e4 c5 2. Nf3 e6 3. d4 cxd4 4. Nxd4 Nf6 5. Nc3 Nc6 6. Ndb5 d6 7. Bf4 e5
8. Bg5 a6 9. Bxf6 gxf6 10. Na3 b5 11. Nd5 f5 12. c3 Bg7 13. exf5 Bxf5 14.
Qf3 Bd7 15. Bd3 O-O 16. Bf5 Bxf5 17. Qxf5 Ne7 18. Qf3 Ng6 19. O-O f5 20.
Nc2 Rc8 21. a4 e4 22. Qe2 Rc5 23. axb5 axb5 24. Ncb4 Qg5 25. f4 exf3 26.
Qxf3 Be5 27. Ra7 Rc4 28. Nd3 Nh4 29. Qh3 Rg4 30. Rf2 f4 31. Nxe5 dxe5 32.
Ra8 Kg7 33. Rxf8 Kxf8 34. Ne3 h5 35. Nxg4 hxg4 36. Qd3 Nf5 37. Qxb5 Ne3 38.
Rd2 g3 39. Qb8+ Kf7 40. Qc7+ Kg6 41. Rd6+ Kf5 42. Qh7+ 1-0

[Event "Young Stars of the World"]
[Site "Kirishi RUS"]
[Date "2005.05.25"]
[Round "11"]
[White "Negi,P"]
[Black "Alekseev,Evgeny"]
[Result "1/2-1/2"]
[WhiteElo "2349"]
[BlackElo "2597"]
[EventDate "2005.05.14"]

1. e4 c5 2. Nf3 Nc6 3. d4 cxd4 4. Nxd4 Nf6 5. Nc3 e5 6. Ndb5 d6 7. Bg5 a6
8. Na3 b5 9. Bxf6 gxf6 10. Nd5 f5 11. Bd3 Be6 12. O-O Bxd5 13. exd5 Ne7 14.
Re1 Bg7 15. c3 O-O 16. Nc2 Re8 17. a4 Qb6 18. axb5 axb5 19. Nb4 Rxa1 20.
Qxa1 e4 21. Bf1 Qc5 22. Na6 Qb6 23. Nb4 Bf6 24. Qa6 Qxa6 25. Nxa6 Nxd5 26.
Rd1 e3 27. fxe3 Re5 28. Nb8 Nxe3 29. Re1 Bg5 30. Nd7 Re4 31. Bxb5 Kg7 32.
h3 Bh4 33. Re2 Rf4 34. Rd2 Be1 35. Re2 Bg3 36. Rd2 h5 37. Nb6 h4 38. Nd5
Nxd5 39. Rxd5 Rf2 40. b4 Rc2 41. Rxf5 Rxc3 42. Kf1 Rc2 43. Bd3 Rb2 44. b5
f6 45. Be4 Kf7 46. b6 Rxb6 47. Ke2 Rb4 48. Ke3 Ke6 49. Rh5 Rb3+ 50. Ke2 Ra3
51. Bd5+ Ke7 52. Rh7+ Kd8 53. Rf7 Ra5 54. Bc6 Rc5 55. Bf3 f5 56. Kd3 Ke8
57. Bh5 f4 58. Rf5+ Ke7 59. Rxc5 dxc5 1/2-1/2